| 000 | 00394nam a2200133 a 4500 | ||
|---|---|---|---|
| 005 | 20140414132109.0 | ||
| 008 | 110512s19uu xx 00 eng d | ||
| 050 |
_aFIC _bK28 2005 |
||
| 100 | _aBenton, Jim. | ||
| 245 |
_aNever do anything, ever / _cby Jamie Kelly. |
||
| 260 |
_aNew York : _bScholastic Inc., _c2005. |
||
| 650 |
_aKelly, Jamie (Fictitious character) _x Fiction. |
||
| 999 |
_c114703 _d114703 |
||